The Economics of Oil : A Primer Including Geology, Energy, Economics, Politics

Bibliographic Details
Main Author: Carmalt, S. W. (Author)
Format: Book
Published: Cham, Switzerland: Springer, 2017.
Subjects:
LEADER 00768cam a2200229 7i4500
001 0000034936
005 20180327090000.0
007 ##ta
008 180327s2017 sz ob 001 0 eng d
020 # # |a 9783319478173  
040 # # |a MATR 
090 0 0 |a I 338.27282   |b CAR 
100 1 # |a Carmalt, S. W.   |e author  
245 1 4 |a The Economics of Oil :   |b A Primer Including Geology, Energy, Economics, Politics   |c S.W. Carmalt. 
264 # 1 |a Cham, Switzerland:   |b Springer,   |c 2017. 
300 # # |a viii, 118 pages:   |b illustrations;   |c 24 cm. 
336 # # |a text  |2 rdacontent 
337 # # |a unmediated  |2 rdamedia 
338 # # |a volume  |2 rdacarrier 
504 # # |a Includes bibliographical references and index 
650 # 0 |a Oil industries  
999 |a 0000038745  |b Book  |c International  |e Business Information Centre